00510nam a2200169 a 4500008004100000020001500041050001600056100002900072245003200101260004100133300002200174350000900196500005100205650002900256700002800285700002700313120416s1983 ||||||||||||||||| || u a0201100851 aHF 5429 Arn aCapella, Louis M., 1943-10aStrategic retail management aReading, Mass.bAddison-Wesleyc1983 axxvii, 708p.: ill a0.00 aIncludes bibliographical references and index. aRETAIL TRADE--MANAGEMENT aArnold, Danny R., 1948- aSmith, Garry D., 1948-